Sports Quiz

Random Sports or MLB Quiz
Score 0/25 Timer 05:00
0 Plays Today
% Correct
Pete Rose
96.5%
Felipe Alou
94.7%
Davey Johnson
91.2%
Andres Galarraga
89.5%
Dennis Martinez
89.5%
Jordan Zimmermann
89.5%
Livan Hernandez
84.2%
Trea Turner
82.5%
Tim Wallach
78.9%
Ian Desmond
75.4%
Otis Nixon
73.7%
Tony Perez
73.7%
Howie Kendrick
71.9%
% Correct
Javier Vazquez
71.9%
Hubie Brooks
66.7%
Orlando Cabrera
66.7%
Rusty Staub
64.9%
Dan Uggla
64.9%
Spike Owen
63.2%
Danny Espinosa
59.6%
Jeff Fassero
59.6%
Mike Lansing
59.6%
Maicer Izturis
57.9%
Masato Yoshii
36.8%
Jim Qualls
29.8%
Remove Ads.
Support Sporcle.
Get the best of Sporcle when you Go Orange. This ad-free experience offers more features, more stats, and more fun while also helping to support Sporcle. Thank you for becoming a member.

You're not logged in!

Compare scores with friends on all Sporcle quizzes.
OR
Log In

Show Comments

Extras

Top Quizzes Today


Score Distribution

Your Account Isn't Verified!

In order to create a playlist on Sporcle, you need to verify the email address you used during registration. Go to your Sporcle Settings to finish the process.

Report this User

Report this user for behavior that violates our Community Guidelines.

Details: